000 00573nam a22001817a 4500
005 20171118130218.0
010 _aENG-121477
020 _a9789325982437
_c225.00
035 _aEN-105009
037 _bDBAD/PUB
082 _a158.1
100 _aVerma, Shalini
245 _aDevelopment of life skills-II /
_cby S.N.Maheswari,Suneel K. Maheshwari [and] Sharad K. Maheshwari
260 _aNoida
_bVikas Publishing House
_c2015
270 _aE-28,Sector-8
_bNoida(UP)
_e201301
300 _axiii,248p. :
_c25cm(pbk)
_bill.
942 _2ddc
_cEN
_mVER
_h158.1
999 _c147557
_d147557